| 000 | 00712cab a2200193 4500 | ||
|---|---|---|---|
| 001 | L130136 | ||
| 008 | 050519n2005 000 0 eng u | ||
| 035 | _a(Sirsi) u130136 | ||
| 041 | _aeng | ||
| 100 | _aBrymer, Stewart | ||
| 245 | _aThin end of the wedge? | ||
| 260 | _c2005 | ||
| 490 |
_aJournal of the Law Society of Scotland _v50(4) April 2005,50-53(3) |
||
| 520 | _aProvides an analysis of the failure of the single survey pilot, warning that legislation seems inevitable and discussiing the consequences of that legislation. | ||
| 650 | _aSCOTLAND | ||
| 650 | _aSCOTTISH SINGLE SURVEY SCHEME | ||
| 690 | _aPROPERTY-RESIDENTIAL PROPERTY-RESIDENTIAL PROPERTY APPRAISAL AND VALUATION | ||
| 942 | _n0 | ||
| 999 |
_c104361 _d104361 |
||